00467nam a2200181 a 4500001001300000003000900013005001700022008004100039020000800080082001300088100002500101245002200126260005100148300000900199500003500208505001500243650002700258nice12345678IN_TiNIC20260116011639.0050524s1959 kara grp 000 0 urd  ac800a233bQUR aQureshi, Abdul Majid aMuqaddar-E-Insani aKarachibAcedemy of Educational Researchc1959 a584p aincludes index and biblioraphy2 aManuscript aMan-Christian Theology